书目信息 |
| 题名: |
出国英语快车道
|
|
| 作者: | 刘哲 , 何琳 主编 | |
| 分册: | ||
| 出版信息: | 天津 天津科技翻译出版公司 2009.01 |
|
| 页数: | 146页 | |
| 开本: | 21cm | |
| 丛书名: | 职场英语想说就说系列 | |
| 单 册: | ||
| 中图分类: | H319.9 | |
| 科图分类: | ||
| 主题词: | 英语--ying yu--口语 | |
| 电子资源: | ||
| ISBN: | 978-7-5433-2380-3 | |
| 000 | 01080nam 2200289 450 | |
| 001 | 012009754516 | |
| 005 | 20090623115251.87 | |
| 010 | @a978-7-5433-2380-3@dCNY15.00 (含光盘) | |
| 010 | @a978-7-900769-00-8@b光盘 | |
| 100 | @a20090623d2009 km y0chi0120 ea | |
| 101 | 0 | @achi@aeng |
| 102 | @aCN@b120000 | |
| 105 | @aa z 000yy | |
| 106 | @ar | |
| 200 | 1 | @a出国英语快车道@Achu guo ying yu kuai che dao@d= English express for going abroad@f刘哲, 何琳主编@Fliu zhe,he lin zhu bian@zeng |
| 210 | @a天津@c天津科技翻译出版公司@d2009.01 | |
| 215 | @a146页@c图@d21cm@e光盘1片 | |
| 225 | 2 | @a职场英语想说就说系列@Azhi chang ying yu xiang shuo jiu shuo xi lie |
| 330 | @a本书为实用英语口语训练书,包含出国后可能遇到的所有场景,如海关手续、订机票、找住房、国外课堂、国外生活等等。 | |
| 410 | 0 | @12001 @a职场英语想说就说系列 |
| 510 | 1 | @aEnglish express for going abroad@zeng |
| 606 | 0 | @a英语@Aying yu@x口语 |
| 690 | @aH319.9@v4 | |
| 701 | 0 | @a刘哲@Aliu zhe@4主编 |
| 701 | 0 | @a何琳@Ahe lin@4主编 |
| 801 | 0 | @aCN@bQSSK@c20090623 |
| 905 | @b744337-39@dH319.9@eL731@f3 | |
| 出国英语快车道= English express for going abroad/刘哲, 何琳主编.-天津:天津科技翻译出版公司,2009.01 |
| 146页:图;21cm+光盘1片.-(职场英语想说就说系列) |
| ISBN 978-7-5433-2380-3:CNY15.00 (含光盘) |
| 本书为实用英语口语训练书,包含出国后可能遇到的所有场景,如海关手续、订机票、找住房、国外课堂、国外生活等等。 |
| ● |
| 相关链接 |
|
|
|
正题名:出国英语快车道
索取号:H319.9/L731
 
预约/预借
| 序号 | 登录号 | 条形码 | 馆藏地/架位号 | 状态 | 备注 |
| 1 | 744337 | 207443373 | 语言库209/209语言库 60排7列4层/ [索取号:H319.9/L731] | 在馆 | |
| 2 | 744338 | 207443382 | 语言库209/209语言库 60排7列4层/ [索取号:H319.9/L731] | 在馆 | |
| 3 | 744339 | 207443391 | 语言库209/209语言库 60排7列4层/ [索取号:H319.9/L731] | 在馆 |